000 00944cam a2200277 a 4500
001 000019740
005 20200929170124.0
008 820601s1968 sp 001 e spa d
040 _aDO-SdBNP
_bspa
_cLC
_dBNPHU
082 _a864.6
_bM542es, 1968
100 1 _aMenéndez Pidal, Ramón,
_d1869-1968.
_93902
245 1 0 _aEspaña, eslabón entre la cristiandad y el islam /
_cRamón Menéndez Pidal.
250 _a2a ed.
260 _aMadrid :
_bEspasa-Calpe,
_c1968.
300 _a168, [16] p. ;
_c18 cm.
490 1 _aAustral. Verde: ensayos y filosofía
_v1280
500 _aIncluye índice de autores
650 4 _aEnsayos españoles
_93095
650 4 _aLiteratura española
_9632
651 4 _aEspaña
_xCristianismo E Islamismo
_942202
651 4 _aEspaña
_xDescripciones Y Viajes
_93096
830 0 _aAustral.
_pVerde: ensayos y filosofía;
_v1280
_98733
910 _aCatalogación derivada / LC
910 _aWM
049 _aBNGR
999 _c19254
_d19254